Vista normal
Vista MARC
- Conferencia Nacional de Personas Sordociegas
Entrada Nombre congreso
Número de registros utilizados en: 1
001 - NÚMERO DE CONTROL
- campo de control: 1963
003 - IDENTIFICADOR DEL NÚMERO DE CONTROL
- campo de control: ES-MaFIAP
005 - FECHA Y HORA DE LA ÚLTIMA TRANSACCIÓN
- campo de control: 20231207091951.0
008 - DATOS DE LONGITUD FIJA
- campo de control de longitud fija: 231207|| aca||aabn | a|a d
040 ## - FUENTE DE LA CATALOGACIÓN
- Centro catalogador/agencia de origen: ES-MaFIAP
- Centro/agencia transcriptor: ES-MaFIAP
111 ## - ENCABEZAMIENTO--NOMBRE DE CONGRESO/REUNIÓN
- Nombre de congreso/reunión o jurisdicción como elemento de entrada: Conferencia Nacional de Personas Sordociegas
- Número del congreso/reunión o número de parte o sección: 3ª
- Fecha del congreso o de la firma del tratado: 1995
- Sede del congreso/Lugar de la reunión: Madrid
670 ## - FUENTE DE DATOS ENCONTRADOS
- Cita de la fuente: Work cat.: (ES-MaFIAP)742: Conferencia Nacional de Personas Sordociegas 3ª 1995 Madrid, III Conferencia Nacional de Personas Sordociegas , 1997]





